|
|
|
|
| LEADER |
00000nab a2200000 a 4500 |
| 001 |
vtls000887422 |
| 003 |
SK-MaSNL |
| 005 |
20260304124536.0 |
| 008 |
250429c2001 xo 0 slo |
| 015 |
|
|
|a SNBRA2004/10-29434
|
| 035 |
|
|
|a CLN000238857
|
| 035 |
|
|
|a urn:nbn:sk:snk-abbxvf
|
| 035 |
|
|
|a (urnnbn)urn:nbn:sk:snk:ar-000965
|
| 035 |
|
|
|a (uuid)6f15a322-fb09-43fb-ac9d-f947c657c88f
|
| 040 |
|
|
|a SNKBUCL
|b slo
|c SNKBUCL
|e AACR2
|
| 041 |
0 |
|
|a slo
|
| 044 |
|
|
|a xo
|c SK
|
| 080 |
|
|
|a 912.43"17":069.51
|2 1997
|
| 080 |
|
|
|a 904:912.43"17"
|2 1997
|
| 100 |
1 |
|
|a Machajdíková, Elena,
|d 1955-
|4 aut
|9 267679
|
| 245 |
1 |
0 |
|a Atlas minor
|b Tobiasa Conrada Lottera v Archíve Slovenského národného múzea
|c Elena Machajdíková
|
| 300 |
|
|
|b Fotogr.
|
| 504 |
|
|
|a Res. angl.
|
| 504 |
|
|
|a Bibliogr. odkazy a pozn.
|
| 600 |
1 |
7 |
|a Lotter, Tobias Conrad
|d 1717-1777
|t Atlas minor
|2 snkbucl
|9 1435725
|
| 610 |
2 |
7 |
|a Slovenské národné múzeum.
|b Archív
|2 snkbucl
|9 237508
|
| 648 |
|
7 |
|a 18. storočie
|2 snkbucl
|9 287325
|
| 650 |
0 |
7 |
|a atlasy zemepisné
|2 snkbucl
|9 1224779
|
| 650 |
0 |
7 |
|a mapové zbierky
|2 snkbucl
|9 122623
|
| 650 |
0 |
7 |
|a kartografické pamiatky
|2 snkbucl
|9 21558
|
| 655 |
|
7 |
|a články z novín a časopisov
|2 snkbucl
|9 267496
|
| 773 |
0 |
|
|t Zborník Slovenského národného múzea. História 41. Ročník XCV - 2001
|d Bratislava : Slovenské národné múzeum - Národné múzejné centrum, 2001
|g S. 5-22
|z 8080600848
|
| 850 |
|
|
|a Slovenská národná knižnica
|
| 852 |
|
|
|a Slovenská národná knižnica
|
| 954 |
|
|
|a odborná, vedecká literatúra pôvodná (slovenská)
|2 lita
|
| 958 |
|
|
|a article15
|
| 958 |
|
|
|a OND
|
| 958 |
|
|
|a NB
|
| 958 |
|
|
|a EUIPO
|
| 992 |
|
|
|a RBX
|
| 999 |
|
|
|c 2891613
|d 2893543
|